| 000 | 01623nam a2200301Ia 4500 | ||
|---|---|---|---|
| 999 |
_c5569 _d5569 |
||
| 003 | OSt | ||
| 005 | 20200527134740.0 | ||
| 008 | 191128s2012 ck gr 000 0dspa d | ||
| 020 | _a9789585704213 | ||
| 040 |
_aCO-JMCR _cCO-JMCR |
||
| 041 | 0 | _aspa | |
| 082 | 0 | 4 |
_a330.09861 / _bC617h _223 |
| 100 | 1 |
_aClavijo, Sergio, _eautor _94751 |
|
| 245 | 1 | 0 |
_aHistoria económica-temática de Colombia : _bsegún revista Ensayos sobre política económica del Banco de la República, 1982-2010 / _cSergio Clavijo, Alejandro Vera, Carlos Ignacio Rojas [y otros] |
| 260 |
_aBogotá : _bAsociación Nacional de Instituciones Financieras - Anif, _c2012 |
||
| 300 |
_a84 páginas ; _c21 cm. |
||
| 500 | _aIncluye datos biográficos de los autores en la solapa. | ||
| 504 | _aBibliografía: páginas 73-84. | ||
| 505 | _aBreve historia del nacimiento de "ensayos sobre política económica" (Espe) -- Épocas económicas a través de Espe -- Historia económica-temática a través de Espe (1982-2010) -- Desafíos para las nuevas generaciones | ||
| 520 | _aEste escrito revisa la evolución del debate económico temático en la Colombia moderna (1980-2010) a través de "clasificar" y ordenar analíticamente lo publicado en la revista Ensayos sobre Política Económica del Banco de la República. | ||
| 650 | 1 | 4 |
_aPolítica Económica _y1982-2010 _zColombia _94752 |
| 650 | 2 | 4 |
_aHistoria económica _y1982-2010 _zColombia _94753 |
| 650 | 2 | 4 |
_aDesarrollo económico _y1982-2010 _zColombia _94754 |
| 700 | 1 |
_aVera, Alejandro, _eautor _94755 |
|
| 700 | 1 |
_aRojas, Carlos Ignacio, _eautor _94756 |
|
| 799 | _ar | ||
| 942 |
_2ddc _cBK |
||